Más sobre derechos lingüísticos: reflexiones sobre los límites constitucionales y su interpretación por el Tribunal Constitucional
Guardat en:
| Autor principal: | |
|---|---|
| Format: | Llibre |
| Idioma: | espanyol |
| Publicat: |
Valencia
Tirant lo Blanch
2016
|
| Col·lecció: | Estudios Autonómicos y Federales, 5
|
| Matèries: | |
| Etiquetes: |
Afegir etiqueta
Sense etiquetes, Sigues el primer a etiquetar aquest registre!
|
MARC
| LEADER | 00000cam a2200000 a 4500 | ||
|---|---|---|---|
| 001 | UCC9319 | ||
| 003 | CL-VaPUC | ||
| 008 | 190927e20160000sp |||||||||||||||||spa|d | ||
| 020 | |a 9788490863923 | ||
| 082 | 0 | 4 | |a 342.46 |b MIL |2 21 |
| 100 | 0 | |a Milian i Massana, Antoni |e author |9 604331 | |
| 245 | 1 | 0 | |a Más sobre derechos lingüísticos: reflexiones sobre los límites constitucionales y su interpretación por el Tribunal Constitucional |
| 300 | |a 222 p | ||
| 942 | |c BK | ||
| 945 | |d 20190927 15:31:00 |a cmena | ||
| 260 | |a Valencia |b Tirant lo Blanch |c 2016 | ||
| 650 | 7 | |a DERECHO CONSTITUCIONAL ESPAÑOL |2 CL-VaPUC |9 435214 | |
| 650 | 0 | |a Filosofía del derecho |9 255050 | |
| 650 | 0 | |a Tribunal constitucional |9 255000 | |
| 583 | |a last modification |c 20190927 15:31:00 |k Rodrigo Vera | ||
| 490 | 0 | |a Estudios Autonómicos y Federales, 5 | |
| 999 | |c 375505 |d 375503 | ||
| 952 | |0 0 |1 0 |3 erb |4 0 |6 342_460000000000000_MIL_2016 |7 0 |8 WP_COW |9 561370 |a BIBDER |b BIBDER |e Fundación W and P Cowley |i 5600359 |o 342.46 MIL 2016 |p 5600359 |r 2023-01-25 |w 2020-03-12 |y BK |z Catalogado en:20190927 |k WPC | ||